000
00283nam a22001337a 4500
020
_a
0-721404-53-7
082
_a
823
_b
SWI/G
100
_a
SWIFT JONATHAN
245
_a
GULLIVER'S TRAVELS
260
_a
UK
_b
LADYBIRD
300
_a
51
650
_a
ENGLISH SHORT STORY
_z
UK
942
_c
BK
999
_c
1892
_d
1892